Peak Performance Principles for HIGH ACHIEVERS / (Record no. 2832)

000 -LEADER
fixed length control field cam a22 a 4500
003 - CONTROL NUMBER IDENTIFIER
control field AKMAL
005 - DATE AND TIME OF LATEST TRANSACTION
control field 20170518112402.0
008 - FIXED-LENGTH DATA ELEMENTS--GENERAL INFORMATION
fixed length control field 170518t20072006my | e | 000 0 eng d
020 ## - INTERNATIONAL STANDARD BOOK NUMBER
International Standard Book Number 9789833830107
Qualifying information paperback
Terms of availability RM22.90
020 ## - INTERNATIONAL STANDARD BOOK NUMBER
International Standard Book Number 9833830102
Qualifying information paperback
039 #9 - LEVEL OF BIBLIOGRAPHIC CONTROL AND CODING DETAIL [OBSOLETE]
Level of rules in bibliographic description 201605061048
Level of effort used to assign nonsubject heading access points VLOAD
Level of effort used to assign subject headings 201604260922
Level of effort used to assign classification VLOAD
Level of effort used to assign subject headings 201403201201
Level of effort used to assign classification norizan
Level of effort used to assign subject headings 201303071004
Level of effort used to assign classification fadzli
040 ## - CATALOGING SOURCE
Original cataloging agency AKMAL
Language of cataloging eng
Transcribing agency AKMAL
049 ## - LOCAL HOLDINGS (OCLC)
Holding library mal
082 04 - DEWEY DECIMAL CLASSIFICATION NUMBER
Classification number 658 NOE
Edition number 22
090 00 - LOCALLY ASSIGNED LC-TYPE CALL NUMBER (OCLC); LOCAL CALL NUMBER (RLIN)
Classification number (OCLC) (R) ; Classification number, CALL (RLIN) (NR) 658
Local cutter number (OCLC) ; Book number/undivided call number, CALL (RLIN) NOE
090 20 - LOCALLY ASSIGNED LC-TYPE CALL NUMBER (OCLC); LOCAL CALL NUMBER (RLIN)
Classification number (OCLC) (R) ; Classification number, CALL (RLIN) (NR) 658
Local cutter number (OCLC) ; Book number/undivided call number, CALL (RLIN) NOE
100 1# - MAIN ENTRY--PERSONAL NAME
Personal name Noe, John T.,
Relator term author.
9 (RLIN) 5978
245 10 - TITLE STATEMENT
Title Peak Performance Principles for HIGH ACHIEVERS /
Statement of responsibility, etc. John T. Noe
250 ## - EDITION STATEMENT
Edition statement revised edition
264 #1 - PRODUCTION, PUBLICATION, DISTRIBUTION, MANUFACTURE, AND COPYRIGHT NOTICE
Place of production, publication, distribution, manufacture Petaling Jaya :
Name of producer, publisher, distributor, manufacturer Advantage Quest Publications,
Date of production, publication, distribution, manufacture, or copyright notice 2007
264 #4 - PRODUCTION, PUBLICATION, DISTRIBUTION, MANUFACTURE, AND COPYRIGHT NOTICE
Date of production, publication, distribution, manufacture, or copyright notice ©2006
300 ## - PHYSICAL DESCRIPTION
Extent xv, 183 pages ;
Dimensions 23 cm
336 ## - CONTENT TYPE
Content type term text
Source rdacontent
337 ## - MEDIA TYPE
Media type term unmediated
Source rdamedia
338 ## - CARRIER TYPE
Carrier type term volume
Source rdacarrier
650 10 - SUBJECT ADDED ENTRY--TOPICAL TERM
Topical term or geographic name entry element Success
9 (RLIN) 2
650 20 - SUBJECT ADDED ENTRY--TOPICAL TERM
Topical term or geographic name entry element Self-actualization (Psychology)
9 (RLIN) 1127
650 20 - SUBJECT ADDED ENTRY--TOPICAL TERM
Topical term or geographic name entry element Achievement motivation
9 (RLIN) 1159
942 ## - ADDED ENTRY ELEMENTS (KOHA)
Source of classification or shelving scheme
Koha item type Book
Holdings
Withdrawn status Lost status Source of classification or shelving scheme Damaged status Not for loan Collection code Home library Current library Date acquired Inventory number Total Checkouts Full call number Barcode Date last seen Price effective from Koha item type
          NON-FICTION AKMAL Melaka AKMAL Melaka 18.05.2017 600136   658 NOE 201704085 18.05.2017 18.05.2017 Book
Pusat Sumber Maklumat Dato' Haji Sarmin Md Hussin, Akademi Kastam Diraja Malaysia, Melaka
Tel: 06-2331106 | Faks: 06-2313787